| 000 | 00542nam a2200205 4500 | ||
|---|---|---|---|
| 001 | 2935 | ||
| 005 | 20241210124526.0 | ||
| 008 | 940811s1994 th ab 000 0 eng | ||
| 010 | _a 94915602 | ||
| 020 | _a9789998048010 | ||
| 043 | _aa-bt--- | ||
| 082 | _2813.54 CHO | ||
| 100 | 0 | _aChoden, Kunzang. | |
| 245 | 1 | 0 |
_aMonk chasing monkey / _cChoden, Kunzang. |
| 260 |
_a Thimphu: _bRiyang Books, _c2021. |
||
| 300 |
_a206 p. : _bill., _c24 cm. |
||
| 650 |
_aMonk chasing monkey. _zBhutan. |
||
| 650 | 0 |
_aFiction _xBhutan. |
|
| 942 |
_2ddc _cFIC |
||
| 999 |
_c10101 _d10102 |
||